Coaching at work : (Record no. 1702)

MARC details
000 -LEADER
fixed length control field 00671nam a2200193 ar4500
001 - CONTROL NUMBER
control field 1704
005 - DATE AND TIME OF LATEST TRANSACTION
control field 20221127090253.0
008 - FIXED-LENGTH DATA ELEMENTS--GENERAL INFORMATION
fixed length control field 010125s xxua 00110|eng d
020 ## - INTERNATIONAL STANDARD BOOK NUMBER
International Standard Book Number 0470017112(hpb) :
Terms of availability SR106.00
082 04 - DEWEY DECIMAL CLASSIFICATION NUMBER
Classification number 658.3124
Item number So54 2007
100 1# - MAIN ENTRY--PERSONAL NAME
Personal name Somers, Matt.
245 10 - TITLE STATEMENT
Title Coaching at work :
Remainder of title powering your team with awareness, responsibility and trust /
Statement of responsibility, etc. Matt Somers.
260 ## - PUBLICATION, DISTRIBUTION, ETC.
Place of publication, distribution, etc. San Francisco, CA :
Name of publisher, distributor, etc. Jossey-Bass,
Date of publication, distribution, etc. 2007.
300 ## - PHYSICAL DESCRIPTION
Extent xiv, 333 p. :
Other physical details ill. ;
Dimensions 23 cm.
504 ## - BIBLIOGRAPHY, ETC. NOTE
Bibliography, etc. note Includes bibl. references and index.
650 #4 - SUBJECT ADDED ENTRY--TOPICAL TERM
Topical term or geographic name entry element Personnel management.
650 #4 - SUBJECT ADDED ENTRY--TOPICAL TERM
Topical term or geographic name entry element Employees
General subdivision Training of
Form subdivision Handbooks, manuals, etc.
650 #4 - SUBJECT ADDED ENTRY--TOPICAL TERM
Topical term or geographic name entry element Employee improvement.
Holdings
Withdrawn status Lost status Source of classification or shelving scheme Damaged status Not for loan Home library Current library Date acquired Total Checkouts Full call number Barcode Date last seen Copy number Price effective from Koha item type
              11/27/2022   658.3124 So54 2007 1000000006438 11/27/2022 C2 11/27/2022 Book